1583 1424 1354 1160 1611 1765 1116 1858 1665 1231 1634 1252 1057 1219 1023 1894 1313 1967 1936 1652 1728 1480 1244 1563 1991 1771 1263 1199 1298 1467 1608 1928 1678 1588 1021 1160 1656 1593 1979 1811 1951 1592 1605 1535 1209 1225 1362 1738 1048 1654 1566 1819 1455 1122 1569 1401 1514 1733 1785 1022 1269 1811 1402 1672 1876 1520 1139 1664 1751 1027 1720 1839 1421 1353 1840 1200 1624 1740 1560 1476 1737 1877 1335 1471 1327 1405 1927 1280 1816 1554 1009 1764 1765 1660 1915 1760 1132 1528 1177 BCNSPRNW ULIB Ver.6.0+V

เปลี่ยนเป็นภาษาไทย

Change to English
 แสดงรายละเอียดบรรณานุกรม
  กลับหน้าหลัก

Brief Record : Get Marc (ISO 2709) : E-mail record : QR code < ปิดหน้าต่าง
LEADER : 00000nam 2200000uu 4500
001    13399122303
003     ULIB
008    130206s2555||||th 000 0 tha d
020    ^a9789746727082
060 04 ^aWY156^bน411ก
100 0  ^aนัทธมน วุทธานนท์
245 10 ^aการพยาบาลผู้ป่วยมะเร็งกระเพาะปัสสาวะ /^cนัทธมน วุทธานนท์
250    ^aพิมพ์ครั้งที่ 1
260    ^aเชียงใหม่ :^bคณะพยาบาลศาสตร์ มหาวิทยาลัยเชียงใหม่,^c2555
300    ^aก-ช, 152 หน้า :^bภาพประกอบ ;^c25 ซม.
504    ^aมีบรรณานุกรมและดัชนี
650  4 ^aกระเพาะปัสสาวะ, เนื้องอก
650  4 ^aมะเร็ง^xการพยาบาล
650  4 ^aมะเร็ง^xการรักษาด้วยยา
650  4 ^aมะเร็ง^xการรักษาด้วยรังสี
710 2  ^aมหาวิทยาลัยเชียงใหม่. ^bคณะพยาบาลศาสตร์
945    ^p180^l0^i19845
945    ^p180^l0^i19846
945    ^p180^l0^i19847
945    ^p180^l0^i19848
945    ^p180^l0^i19849
945    ^p180^l0^i22541
945    ^p180^l0^i22542
945    ^p180^l0^i22543
995    ^aทศพร
999    ^aทศพร เกษรทอง
รายการนี้ยังไม่มีแท็ก
คุณยังไม่ได้ล็อกอิน คุณสามารถมีกิจกรรมร่วมกับเว็บไซต์ได้ แต่ต้องล็อกอินก่อน ::
  ล็อกอิน

รายการสื่อสารสนเทศ

ลำดับที่ ประเภท เลขเรียก/บาร์โค้ด สถานที่ สถานะ
1. Book การพยาบาล
Book การพยาบาล
สถานะ=หนังสือเก่า
WY156 น411ก ฉ.1 
  Barcode: 19845
ห้องสมุดวิทยาเขตนครสวรรค์
►ส่วนจัดเก็บหนังสือเก่า นว.
ถูกยืม กำหนดส่งวันที่ 22 ตุลาคม 2568
  จอง
2. Book การพยาบาล
Book การพยาบาล
สถานะ=หนังสือเก่า
WY156 น411ก ฉ.2 
  Barcode: 19846
ห้องสมุดวิทยาเขตนครสวรรค์
►ส่วนจัดเก็บหนังสือเก่า นว.
บนชั้น
  ขอยืม
3. Book การพยาบาล
Book การพยาบาล
สถานะ=หนังสือเก่า
WY156 น411ก ฉ.3 
  Barcode: 19847
ห้องสมุดวิทยาเขตนครสวรรค์
►ส่วนจัดเก็บหนังสือเก่า นว.
บนชั้น
  ขอยืม
4. Book การพยาบาล
Book การพยาบาล
สถานะ=หนังสือเก่า
WY156 น411ก ฉ.4 
  Barcode: 19848
ห้องสมุดวิทยาเขตนครสวรรค์
►ส่วนจัดเก็บหนังสือเก่า นว.
บนชั้น
  ขอยืม
5. Book การพยาบาล
Book การพยาบาล
สถานะ=หนังสือเก่า
WY156 น411ก ฉ.5 
  Barcode: 19849
ห้องสมุดวิทยาเขตนครสวรรค์
►ส่วนจัดเก็บหนังสือเก่า นว.
บนชั้น
  ขอยืม
6. Book การพยาบาล
Book การพยาบาล
สถานะ=หนังสือเก่า
WY156 น411ก ฉ.6 
  Barcode: 22541
ห้องสมุดวิทยาเขตนครสวรรค์
►ส่วนจัดเก็บหนังสือเก่า นว.
บนชั้น
  ขอยืม
7. Book การพยาบาล
Book การพยาบาล
สถานะ=หนังสือเก่า
WY156 น411ก ฉ.7 
  Barcode: 22542
ห้องสมุดวิทยาเขตนครสวรรค์
►ส่วนจัดเก็บหนังสือเก่า นว.
บนชั้น
  ขอยืม
8. Book การพยาบาล
Book การพยาบาล
สถานะ=หนังสือเก่า
WY156 น411ก ฉ.8 
  Barcode: 22543
ห้องสมุดวิทยาเขตนครสวรรค์
►ส่วนจัดเก็บหนังสือเก่า นว.
บนชั้น
  ขอยืม

รายการใกล้เคียง
    ผู้แต่ง [นัทธมน วุทธานนท์]

    หัวเรื่อง [กระเพาะปัสสาวะ, เนื้องอก]

BibComment


ยังไม่เคยถูกคอมเมนท์

คอมเมนท์ทรัพยากรรายการนี้
  คอมเมนท์: การพยาบาลผู้ป่วย..


 Copyright 2026. Bcnsprnw @Library